000 00672nam a22001937a 4500
003 OSt
005 20130611100139.0
008 130611s1994 sp ||||| |||| 00| 0 cat d
020 _a846050090X
040 _cCDMR
245 _a"Lo que passa" (1868)
_b: primer setmanari en català de Tarragona
_cPedro Antonio Heras Caballero, María Isabel Sánchez Villanueva
260 _a[Tarragona]
_bHemeroteca Caixa Tarragona
_cDL 1994
300 _a100 [33] p.
500 _aInclou reproducció facsímil
610 2 _93734
_aLo que passa (Revista)
_xHistòria
650 0 4 _93698
_aPremsa
_zTarragona
_yS. XIX
700 1 _93736
_aSánchez Villanueva, María Isabel
942 _2udc
_cMON
999 _c6436
_d6436